Koncepčný návrh teleskopického pásového dopravníka na kolesovom podvozku

Enregistré dans:
Détails bibliographiques
Auteur principal: Kňaze, Gabriel (Auteur)
Autres auteurs: Nagy, Miroslav (Directeur de thèse)
Format: Manuscrit Livre
Langue:slovaque
Publié: 2025
Sujets:
Accès en ligne:http://is.stuba.sk/zp/portal_zp.pl?podrobnosti=178214
Tags: Ajouter un tag
Pas de tags, Soyez le premier à ajouter un tag!

MARC

LEADER 00000ntm a22000003a 4500
001 stuzp99356
003 SK-STU
005 20250621210234.7
007 ta
008 150427s2015----xo-----f-mn---000-0-slo-d
040 |a STU  |b slo 
041 0 |a slo 
100 1 |a Kňaze, Gabriel  |u 020032  |4 aut  |U SjF Ústav automobilového inžinierstva a konštruovania  |T SjF Oddelenie automobilov, lodí a spaľovacích motorov  |X 103974  |U J0032  |Y 443  |7 103974 
242 0 1 |a Conceptual design of a telescopic belt conveyor on a wheeled chassis  |y eng 
245 1 0 |a Koncepčný návrh teleskopického pásového dopravníka na kolesovom podvozku 
260 |c 2025 
650 4 |a pásový dopravník  |2 slo 
650 4 |a sypké materiály  |2 slo 
650 4 |a teleskopický  |2 slo 
650 4 |a kontinuálna doprava  |2 slo 
650 4 |a belt conveyor  |2 eng 
650 4 |a bulk materials  |2 eng 
650 4 |a continuous conveying  |2 eng 
650 4 |a telescopic  |2 eng 
700 1 |a Nagy, Miroslav  |u 020030  |k Z3  |4 ths  |U SjF Strojnícka fakulta  |T SjF Ústav automobilového inžinierstva a konštruovania  |X 8655  |U J0030  |Y 806  |7 8655 
856 4 |u http://is.stuba.sk/zp/portal_zp.pl?podrobnosti=178214